01342cam a22003974i 4500003000900000005001700009008004100026020001500067020001800082035002000100082001900120100002900139245006900168264005400237300006200291336002100353337002500374338002300399490003500422504003300457505014500490526001000635526001000645526001000655526001000665526000800675526000800683526000800691526000800699526000800707526000800715526000800723630008100731650005900812650007300871PE-LiUPU20250731173113.0190103s2019 nyua r 001 0 eng  a0190264403 a9780190264406 a(Sirsi) a25128504a270.1bM172231 aMaier, Harry O.,eautor.10aNew Testament Christianity in the Roman world /cHarry O. Maier. 1aNew York, NY :bOxford University Press,c[2019]. axvii, 238 páginas :bilustraciones ;c21 centímetros. atext2rdacontent aunmediated2rdamedia avolume2rdacarrier0 aEssentials of Biblical studies aÍndice: páginas 217-238.0 aThe gods and the cosmos -- The emperor and the empire -- The city and its residents -- The household and its members -- The self and others. aSEG42 aSEG41 aSEG40 aSEG39 aP94 aP87 aP86 aP85 aP77 aP76 aP35 aBiblia.pNuevo TestamentoxHistoria de los acontecimientos contemporáneos.07aHistoria de la iglesiayIglesia primitiva, ca. 30-600.07aHistoria de la iglesiaxIglesia primitiva.2fast0(OCoLC)fst01710945